1354 1138 1253 1007 1921 1829 1735 1967 1530 1057 1101 1131 1429 1144 1829 1086 1599 1914 1424 1514 1964 1496 1599 1924 1766 1910 1832 1475 1057 1430 1668 1069 1741 1118 1904 1510 1975 1566 1470 1703 1470 1102 1654 1563 1198 1598 1510 1132 1650 1416 1883 1420 1933 1432 1475 1638 1748 1247 1318 1112 1804 1382 1376 1565 1765 1579 1908 1506 1985 1243 1072 1404 1621 1221 1462 1455 1042 1581 1351 1445 1127 1764 1021 1876 1207 1465 1000 1099 1522 1561 1654 1251 1854 1115 1978 1320 1584 1140 1353 BCNSPRNW ULIB Ver.6.0+V

เปลี่ยนเป็นภาษาไทย

Change to English
 แสดงรายละเอียดบรรณานุกรม
  กลับหน้าหลัก

Brief Record : Get Marc (ISO 2709) : E-mail record : QR code < ปิดหน้าต่าง
LEADER : 00000nam 2200000uu 4500
001    13399124696
003     ULIB
008    160114s2008||||th 000 0 eng d
020    ^a9789773075698
060  4 ^aWA590^bH434
245 00 ^aHealth innovation :^bstories from communities /^c[editor:Niracha Ussavathirakul, Tipicha Posayanonda]
250    ^a2nd ed.
260    ^a[Nonthaburi] :^bNational Health System Reform Office,^cc2008
300    ^a159 p. :^bill
650  0 ^aCommunity development^zThailand
650  0 ^aCommunity Health Services^zThailand
700 0  ^aNiracha Ussavathirakul,^eed
700 0  ^aTipicha Posayanonda,^eed
710 2  ^aNational Health System Reform Office
945    ^p0^l0^i000242
945    ^p0^l0^i000243
999    ^aเกษร โพธิ์สุวรรณ
รายการนี้ยังไม่มีแท็ก
คุณยังไม่ได้ล็อกอิน คุณสามารถมีกิจกรรมร่วมกับเว็บไซต์ได้ แต่ต้องล็อกอินก่อน ::
  ล็อกอิน

รายการสื่อสารสนเทศ

ลำดับที่ ประเภท เลขเรียก/บาร์โค้ด สถานที่ สถานะ
1. วิทยาศาสตร์การแพทย์ และสุขภาพ
วิทยาศาสตร์การแพทย์ และสุขภาพ
WA590 H434 ฉ.1 
  Barcode: 000242
ห้องสมุดวิทยาเขตสวรรค์ประชารักษ์
►หนังสือทั่วไป
บนชั้น
2. วิทยาศาสตร์การแพทย์ และสุขภาพ
วิทยาศาสตร์การแพทย์ และสุขภาพ
WA590 H434 ฉ.2 
  Barcode: 000243
ห้องสมุดวิทยาเขตสวรรค์ประชารักษ์
►หนังสือทั่วไป
บนชั้น

BibComment


ยังไม่เคยถูกคอมเมนท์

คอมเมนท์ทรัพยากรรายการนี้
  คอมเมนท์: Health innovatio..


 Copyright 2026. Bcnsprnw @Library